000 00429nam a2200193Ia 4500
003 OSt
005 20230608095614.0
008 210423s2000 xx 000 0 und d
040 _cAL
041 _aeng
082 _a301
_223
_bDAMS
100 _aDAMLE (C B).
_9122146
245 _aSamaja shodhana.
260 _aMangalore
_bMSA
_c2000
365 _cINR
440 _v9
906 _aSamaja ; shodhana.
942 _2ddc
_cBK
999 _c175168
_d175168